Svetová odborová federácia

Bibliographic Details
Main Author: -jhs- (Author)
Format: Article
Language:Slovak
Subjects:

MARC

LEADER 00000nab a2200000 a 4500
001 vtls000314969
003 SK-MaSNL
005 20260302215400.0
008 111201c1978 xo 0 slo
015 |a SNBRB19rr/mm-uuuuu 
035 |a CL0005061 
040 |a SNKBUCL  |b slo  |c SNKBUCL  |e AACR2 
041 0 |a slo 
044 |a xo  |c SK 
080 |a 331.88(100)  |2 1981 
100 1 |a -jhs-  |4 aut  |9 903650 
245 1 0 |a Svetová odborová federácia  |c -jhs- 
650 0 7 |a odbory  |2 snkbucl  |9 2328 
650 0 7 |a Svetová odborová federácia  |2 snkbucl  |9 926812 
655 7 |a články z novín a časopisov  |2 snkbucl  |9 267496 
773 0 |t Odborár  |g Roč. 32, č. 5 (1978), s. 29-30 
850 |a Slovenská národná knižnica v Martine  |a MTA001 
852 |a SNK  |b KIS3GCP 
958 |a RK 
992 |a RBX 
999 |c 1502021  |d 1503951